000 00373nam a22001337a 4500
020 _qPB.
040 _cFIZZA ISHAQ
082 _a810.8
_bJEA
100 _aREESMAN,CAMPBELL JEANNE.
_9133818
245 _aTHE NORTON ANTHOLOGY OF AMERICAN LITERATURE /
_cJEANNE CAMPBELL REESMAN.
260 _aNEW YORK ;
_bNORTON,
_c2007.
300 _a1176 P. ;
_c9.4X6.1IN
942 _2ddc
_cBK
999 _c616786
_d616786